000 00649nam a2200229 a 4500
999 _c1331
_d1331
008 191219t2010 ii a|||g |||| 001 0 eng d
020 _a9789380712437
_cRs. 150.00
040 _aKO
_beng
041 0 _aeng
044 _aii
082 0 4 _223
_a174
_bSa978
100 1 _aSaxena, Abhay
245 1 0 _aHuman Values and Professional Ethics /
_cAbhay Saxena and Sanjeev K. Sharma
260 _aNew Delhi :
_bVayu Education of India ,
_c2010.
300 _ax, 170 p. :
_bill. ;
_c24 cm
504 _aIncludes Index.
650 0 _aProfessional ethics
_vTextbooks
700 _aSharma, Sanjeev K.
_eaut
904 _aA_BOSE
942 _cBK